000 00256nam a2200121Ia 4500
100 _aNiit
942 _cBK
366 _f10
654 _aHTML Using Microsoft Front Page
245 _aHTML Using Microsoft Front Page
260 _bNiit
546 _aENGLISH
999 _c24250
_d24250